Home Print Resources E-Books E-Journals IIMT Lecture Series Library Membership Form Book Recommendation Form Campus Tour Take AdmissionAbout Us Contact Us

Fundamental of Information Technology (Record no. 6181)

000 -LEADER
fixed length control field 00358nam a2200157Ia 4500
003 - CONTROL NUMBER IDENTIFIER
control field OSt
005 - DATE AND TIME OF LATEST TRANSACTION
control field 20240208112540.0
008 - FIXED-LENGTH DATA ELEMENTS--GENERAL INFORMATION
fixed length control field 170524s9999 xx 000 0 und d
020 ## - INTERNATIONAL STANDARD BOOK NUMBER
International Standard Book Number 8182092450
040 ## - CATALOGING SOURCE
Transcribing agency IIMT UNIVERSITY
100 ## - MAIN ENTRY--PERSONAL NAME
Personal name LEON- ALEXIS
245 #0 - TITLE STATEMENT
Title Fundamental of Information Technology
260 ## - PUBLICATION, DISTRIBUTION, ETC.
Name of publisher, distributor, etc. UBS
260 ## - PUBLICATION, DISTRIBUTION, ETC.
Date of publication, distribution, etc. 1999
942 ## - ADDED ENTRY ELEMENTS (KOHA)
Source of classification or shelving scheme
Koha item type Book Bank
Holdings
Withdrawn status Lost status Source of classification or shelving scheme Damaged status Not for loan Home library Current library Date acquired Total Checkouts Barcode Date last seen Price effective from Koha item type Date last checked out
          IIMT University Central Library Meerut IIMT University Central Library Meerut 05/31/2017   01-B-61931 05/31/2017 05/31/2017 Book Bank  
          IIMT University Central Library Meerut IIMT University Central Library Meerut 05/31/2017 1 01-B-61932 02/08/2023 05/31/2017 Book Bank 11/18/2022
          IIMT University Central Library Meerut IIMT University Central Library Meerut 05/31/2017 1 01-B-61933 02/13/2023 05/31/2017 Book Bank 02/01/2023
          IIMT University Central Library Meerut IIMT University Central Library Meerut 05/31/2017 1 01-B-61945 03/23/2023 05/31/2017 Book Bank 12/15/2022
          IIMT University Central Library Meerut IIMT University Central Library Meerut 05/31/2017   01-B-61946 05/31/2017 05/31/2017 Book Bank  
          IIMT University Central Library Meerut IIMT University Central Library Meerut 05/31/2017   01-B-61947 05/31/2017 05/31/2017 Book Bank  
IIMT, Central Library. All Rights Reserved IIMT,UNIVERSITY © 2023
Implemented and Customised by I CLOUDE EMS
You Are OPAC Visitor No
free web counter

Powered by Koha